History Quiz

Random History or Clickable Quiz

US Declares War Minefield Quiz Stats

 Plays Quiz Updated Apr 4, 2018

Score 0/10 Timer 02:00
12 Plays Today
% Correct
???
77.1%
???
75.4%
???
64.4%
???
59.9%
???
55.8%
???
51.3%
???
37.7%
???
31.8%
???
30.9%
???
25.9%

You're not logged in!

Compare scores with friends on all Sporcle quizzes.
Join for Free
OR
Log In

You Might Also Like...

Show Comments

Extras

Top Quizzes Today


Score Distribution

Your Account Isn't Verified!

In order to create a playlist on Sporcle, you need to verify the email address you used during registration. Go to your Sporcle Settings to finish the process.

Report this User

Report this user for behavior that violates our Community Guidelines.

Details: